| 000 | 00373nam a2200157Ia 4500 | ||
|---|---|---|---|
| 008 | 230711s9999||||xx |||||||||||||| ||und|| | ||
| 041 | _aENG | ||
| 082 |
_a621.381 _bBR-P |
||
| 100 | _aBradley,DA | ||
| 245 | 0 | _aPower electronics | |
| 250 | _a2nd | ||
| 260 |
_c1987 _aNew York _bVan Nostrand Reinhold Co. |
||
| 300 | _a166 | ||
| 650 | _aElectrical Engineering | ||
| 942 | _cBK | ||
| 999 |
_c1870 _d1870 |
||